000 00767nam a2200229Ia 4500
003 OSt
005 20240904162800.0
008 220927b |||||||| |||| 00| 0 hin d
020 _c4500
_a9788190724654
037 _b1567, 22/11/2011, Kiran Book Service
_cReference Collections
040 _aSDCL
_cSDCL
_bhin
041 _2hin
_ahin
082 _aG:55k Q1.2 RR
100 _aKhan, Wasim Ahmed
_9409600
245 0 _aParyavaran vigyan vishvkosh.
260 _aNew Delhi :
_bRajat Prakashan,
_c2011.
300 _a272p.
490 _vVolume 2: Paryavaran aur paristhitiki
650 _aHindi
_9391598
942 _hG:55k Q1.2 RR
_cREF
_2CC
999 _c725172
_d725172